Initiation à l'entretien en sciences sociales : Méthodes, applications pratiques et QCM (notice n° 1568773)

détails MARC
000 -LEADER
fixed length control field 01525cam a2200133 4500500
005 - DATE AND TIME OF LATEST TRANSACTION
control field 20251214005325.0
041 ## - LANGUAGE CODE
Language code of text/sound track or separate title fre
042 ## - AUTHENTICATION CODE
Authentication code dc
100 10 - MAIN ENTRY--PERSONAL NAME
Personal name Sauvayre, Romy
Relator term author
245 00 - TITLE STATEMENT
Title Initiation à l'entretien en sciences sociales : Méthodes, applications pratiques et QCM
260 ## - PUBLICATION, DISTRIBUTION, ETC.
Name of publisher, distributor, etc. Armand Colin,<br/>
Date of publication, distribution, etc. 2021.<br/>
520 ## - SUMMARY, ETC.
Summary, etc. Réaliser son premier entretien n’est ni évident ni intuitif. Cet ouvrage se propose d’apporter des outils et des conseils pratiques pour mieux s’y préparer, pour faire face aux difficultés les plus fréquentes, ou pour mettre à l’aise son interlocuteur tout en réduisant son propre stress. L’ouvrage permettra également de prendre conscience de tout ce qui peut influencer le discours : la formulation des questions, le choix des lieux, le positionnement, les intonations, la gestuelle, les mimiques faciales, le regard, la neutralité, le silence, la mémoire et les émotions.. Pour ce faire, le lecteur trouvera des QCM, des extraits d’entretien, des conseils pratiques, pour prendre contact avec ses interlocuteurs, préparer un guide d’entretien, rencontrer, questionner, relancer, écouter, et mettre fin à l’entretien. Véritable manuel pratique, cet ouvrage est destiné à tous les étudiants en sciences sociales et à toutes personnes souhaitant s’initier à l’entretien comme méthode de recueil de données.
856 41 - ELECTRONIC LOCATION AND ACCESS
Uniform Resource Identifier <a href="https://shs.cairn.info/initiation-a-l-entretien-en-sciences-sociales--9782200630836?lang=fr&redirect-ssocas=7080">https://shs.cairn.info/initiation-a-l-entretien-en-sciences-sociales--9782200630836?lang=fr&redirect-ssocas=7080</a>

Pas d'exemplaire disponible.

PLUDOC

PLUDOC est la plateforme unique et centralisée de gestion des bibliothèques physiques et numériques de Guinée administré par le CEDUST. Elle est la plus grande base de données de ressources documentaires pour les Étudiants, Enseignants chercheurs et Chercheurs de Guinée.

Adresse

627 919 101/664 919 101

25 boulevard du commerce
Kaloum, Conakry, Guinée

Réseaux sociaux

Powered by Netsen Group @ 2025